00485nam a2200145Ia 4500008004100000041000800041082002000049100001500069245004500084250000800129260005000137300001300187999002100200952011800221231229s2022 xx 000 0 und d aeng a342.540853bDAS aDAS (P.K.) aHandbook on The Right to Information Act a5th bUniversal Law Publishing Co. Pvt. Ltd. c2022 avi, 1096 c1062147d1062147 00104070aIMDbIMDd2022-04-25g878.00l0o342.540853 DASpIMD-26LB0003010r2024-01-11 00:00:00w2024-01-11yBK